Catálogo
 En Linea

Catálogo de sus libros impresos. / (Registro nro. 34125)

Detalles MARC
000 -CABECERA
campo de control de longitud fija 00687nam a2200157 a 4500
001 - NÚMERO DE CONTROL
campo de control 000034634
005 - FECHA Y HORA DE LA ÚLTIMA TRANSACCIÓN
campo de control 20200930073816.0
008 - DATOS DE LONGITUD FIJA--INFORMACIÓN GENERAL
campo de control de longitud fija 111011s1891 sp 000 0 spa d
040 ## - FUENTE DE LA CATALOGACIÓN
Centro catalogador/agencia de origen DO-SdBNP
Lengua de catalogación spa
Centro/agencia transcriptor BNPHU
082 ## - NÚMERO DE LA CLASIFICACIÓN DECIMAL DEWEY
Número de clasificación xxx
Número de documento/Ítem B582c
110 2# - ENTRADA PRINCIPAL--NOMBRE DE ENTIDAD CORPORATIVA
Nombre de entidad corporativa o nombre de jurisdicción como elemento de entrada Biblioteca Colombina
9 (RLIN) 60068
245 10 - MENCIÓN DE TÍTULO
Título Catálogo de sus libros impresos. /
Mención de responsabilidad, etc. publicado por primera vez en virtud de acuerdo del Excmo, é Ilmo. Sr. Deán y Cabildo de la santa metropolitana y patriarcal iglesia de Sevilla bajo la inmediata dirección de su bibliotecario el Ilmo. Sr. Dr. D. Servando Arbolí y Faraudo.
260 ## - PUBLICACIÓN, DISTRIBUCIÓN, ETC.
Lugar de publicación, distribución, etc. Sevilla, :
Nombre del editor, distribuidor, etc. E. Rasco,
Fecha de publicación, distribución, etc. 1891.
300 ## - DESCRIPCIÓN FÍSICA
Extensión v. ;
Dimensiones 24 cm.
500 ## - NOTA GENERAL
Nota general este ejemplar trabajado es el v. 2
Existencias
Estado de retiro Estado de pérdida Restricciones de uso No para préstamo Código de colección Localización permanente Ubicación/localización actual Ubicación en estantería Fecha de adquisición Número de inventario Total de préstamos Signatura topográfica completa Código de barras Fecha visto por última vez Precio válido a partir de Tipo de ítem Koha
      Excluido de préstamo Raros y valiosos General General En catalogación 11.10.2011 LF1   xxx B582c 34634-10 25.06.2020 25.06.2020 No se presta

Con tecnología Koha